000 00635nas a2200229 4500
001 BR2015000192
003 BR-BrBNA
005 20231205124945.0
007 ta
008 230509b bl.|||p| |||| 00| 00por d
040 _aBR-BrBNA
_bpor
_cBiblioteca Nacional de Agricultura
041 _a(Pt)
072 _aQ02
100 1 _aSilva, H. de M.T. e
245 1 _aCharqueada
650 _aCARNE TRATADA
650 _aCHARQUE
650 _aTECNOLOGIA DE ALIMENTO
773 0 _tZootecnia (Brazil)
_xISSN 0044-5320
_g(Oct-Dec 1964), v. 2(4) p. 47-50
_wBR2015000192
909 _a202311
_bLúcia
_c55
_dLúcia Elande
942 _2AGRIS
_n0
_cANA
999 _c241832
_d241832